Die katholische universitat in Lateinamerika.

שמור ב:
מידע ביבליוגרפי
מחבר ראשי: Delobelle, Andre (autor)
פורמט: ספר
שפה:אנגלית
סדרה:(CIDOC, Cuadernos ; 16).
נושאים:
תגים: הוספת תג
אין תגיות, היה/י הראשונ/ה לתייג את הרשומה!

MARC

LEADER 00000nam^a2200000^u^4500
001 000511954
005 20250521000000.0
008 100409s1000^^^^^^^^^^^^r^^^^^000^0^spa^d
009 20260310130159.452
035 |a FCE 000056164 
037 |a Acervo ITESO - Biblioteca 
041 |a eng 
082 0 4 |a 082.1  |b CIDOC 16 
100 |a Delobelle, Andre  |e (autor) 
245 1 5 |a Die katholische universitat in Lateinamerika. 
264 |a México :  |b CIDOC,  |c 1968. 
300 |a 97 p. 
336 |a texto  |b txt  |2 rdacontenido 
337 |a sin mediación  |b n  |2 rdamedio 
338 |a volumen  |b nc  |2 rdasoporte 
440 0 |a (CIDOC, Cuadernos ;  |v 16). 
649 |a XX 
650 |a Universidad 
650 |a Catolicismo 
650 |a América Latina 
910 |a Fondo Centro de Estudios Educativos 
920 |a Impresos - Libros 
930 |a Fondos Especiales 
905 |a 133 
901 |a ALE048123  |b IT2  |c CEE  |u 20250521 
902 |a https://opac.biblio.iteso.mx/vufind/Record/000511954